Statistics for Canadian NBA Players

Click here to take the quiz!

General Stats

  • This quiz has been taken 38 times
  • The average score is 4 of 11

Answer Stats

Team Player % Correct
TimberwolvesAndrew Wiggins
87%
RaptorsCory Joseph
63%
CavaliersTristan Thompson
63%
CelticsKelly Olynyk
40%
BucksTyler Ennis
27%
PistonsJoel Anthony
27%
76ersNik Stauskas
23%
LakersRobert Sacre
23%
MagicAndrew Nicholson
23%
MavericksDwight Powell
20%
JazzTrey Lyles
20%

Score Distribution

Percentile by Number Answered

Percent of People with Each Score

Your Score History

You have not taken this quiz